000 01217nam a2200229Ia 4500
999 _c36301
_d36301
001 2208
003 GE_BSU
005 20190522150716.0
008 181216s1999||||ge |||||||||||||| ||geo||
040 _cGE_BSU
041 _ageo
080 _a911.3(100)(075.8) ჟ–93
100 _aჟღენტი, მ.
_91499
245 _aმსოფლიოს სოციალური და ეკონომიური გეოგრაფია :
_bსახელმძღვანელო უმაღლესი სასწავლებლის სტუდენტებისათვცის /
_cმ. ჟღენტი, ჯ. ხარიტონაშვილი ; რედ. ზ. დავითაშვილი.
264 _aთბილისი,
_c1999.
300 _a165 გვ.;
_b19 სმ.
653 _aმსოფლიოს ეკონომიკური გეოგრაფია
653 _aმსოფლიოს სოციალური გეოგრაფია
700 _aხარიტონაშვილი, ჯ.
_eავტორი
_91500
700 _aდავითაშვილი, ზ.
_eრედაქტორი
_91501
942 _cBK
_2udc